000 01643nam a22003494a 4500
001 ebr10116502
003 CaPaEBR
006 m u
007 cr cn|||||||||
008 020725s2002 ne a sb 100 0 eng
010 _z 2002110639
020 _z1586032801
040 _aCaPaEBR
_cCaPaEBR
035 _a(OCoLC)228124852
050 1 4 _aTK7801
_b.I51556 2002eb
082 0 4 _a006.3
_222
111 2 _aInternational Conference on Knowledge-Based Intelligent Information and Engineering Systems
_d(2002 :
_cUniversity of Milan)
245 1 0 _aKnowledge-based intelligent information engineering systems and allied technologies
_h[electronic resource] :
_bKES 2002 /
_cedited by E. Damiani ... [et al.].
260 _aAmsterdam ;
_aWashington, DC :
_bIOS Press/Ohmsha,
_cc2002.
300 _a2 pts. (1576 p.) :
_bill.
490 1 _aFrontiers in artificial intelligence and applications ;
_vv. 82
504 _aIncludes bibliographical references.
533 _aElectronic reproduction.
_bPalo Alto, Calif. :
_cebrary,
_d2013.
_nAvailable via World Wide Web.
_nAccess may be limited to ebrary affiliated libraries.
650 0 _aElectronic apparatus and appliances
_xAutomatic control
_vCongresses.
650 0 _aArtificial intelligence
_vCongresses.
650 0 _aExpert systems (Computer science)
_vCongresses.
655 7 _aElectronic books.
_2local
700 1 _aDamiani, Ernesto.
710 2 _aebrary, Inc.
830 0 _aFrontiers in artificial intelligence and applications ;
_vv. 82.
856 4 0 _uhttp://site.ebrary.com/lib/rucke/Doc?id=10116502
_zAn electronic book accessible through the World Wide Web; click to view
999 _c104545
_d104545